|
|
|
|
| LEADER |
00000nab a2200000 a 4500 |
| 001 |
vtls000489503 |
| 003 |
SK-MaSNL |
| 005 |
20260303165858.0 |
| 008 |
120927c1992 xo 0 slo |
| 015 |
|
|
|a SNBRA19rr/mm-uuuuu
|
| 035 |
|
|
|a CL0489641
|
| 040 |
|
|
|a SNKBUCL
|b slo
|c SNKBUCL
|e AACR2
|
| 041 |
0 |
|
|a slo
|
| 044 |
|
|
|a xo
|c SK
|
| 080 |
|
|
|a 796.342
|2 1981
|
| 100 |
1 |
|
|a Gregorička, Štefan,
|d 1948-
|4 aut
|9 222393
|
| 245 |
1 |
0 |
|a Tenisová storočnica v Piešťanoch
|c Štefan Gregorička
|
| 300 |
|
|
|b Fotogr. 6, res. angl., nem.
|
| 650 |
0 |
7 |
|a tenis
|2 snkbucl
|9 3293
|
| 651 |
|
7 |
|a 5211
|2 snkbucl
|9 283191
|
| 651 |
|
7 |
|a Piešťany (Slovensko)
|2 snkbucl
|9 23981
|
| 655 |
|
7 |
|a články zo zborníkov
|2 snkbucl
|9 166140
|
| 773 |
0 |
|
|t Balneologický spravodajca 1991
|d Bratislava : ALFA, 1992
|g S. 102-110
|z 8005011091
|
| 850 |
|
|
|a Slovenská národná knižnica v Martine
|a MTA001
|
| 852 |
|
|
|a SNK
|b KIS3GCP
|
| 958 |
|
|
|a RK
|
| 992 |
|
|
|a RZB
|
| 999 |
|
|
|c 2074173
|d 2076103
|